000 00520nam a2200169Ia 4500
003 GCL
008 140319s9999 xx 000 0 ara d
040 _aGCL /
_cGCL
082 0 4 _a425
_bم م
100 1 _aمحمد عبدالرازق مناع
245 1 0 _aالمفيد فى اللغة الانجليزية /
_cمحمد عبدالرازق مناع
260 _a[S.N] :
_bمركز الكتاب للنشر ،
_c1991
300 _a159 ص
490 _a
650 0 4 _aاللغة الانجليزية
942 _2ddc
_cBK
999 _c55498
_d55498